Đồng dao Việt - Anh
Đã lưu trong:
| Príomhúdar: | |
|---|---|
| Formáid: | Leabhar |
| Teanga: | Undetermined |
| Foilsithe: |
H.
Văn Học
2003
|
| Ábhair: | |
| Clibeanna: |
Cuir Clib Leis
Gan Chlibeanna, Bí ar an gcéad duine leis an taifead seo a chlibeáil!
|
| Thư viện lưu trữ: | Trung tâm Học liệu Trường Đại học Cần Thơ |
|---|
| LEADER | 00509nam a2200181Ia 4500 | ||
|---|---|---|---|
| 001 | CTU_54645 | ||
| 008 | 210402s9999 xx 000 0 und d | ||
| 020 | |b 12000 | ||
| 082 | |a 398.2 | ||
| 082 | |b B102 | ||
| 100 | |a Nguyễn Bách | ||
| 245 | 0 | |a Đồng dao Việt - Anh | |
| 245 | 0 | |c Nguyễn Bách và Nguyễn Hạnh | |
| 260 | |a H. | ||
| 260 | |b Văn Học | ||
| 260 | |c 2003 | ||
| 650 | |a folk literature, vietnamese ( english ) | ||
| 980 | |a Trung tâm Học liệu Trường Đại học Cần Thơ | ||